000 00636nas a2200217 4500
001 BR8502855
003 BR-BrBNA
005 20231205090216.0
007 ta
008 230509b bl.|||p| |||| 00| 00por d
040 _aBR-BrBNA
_bpor
_cBiblioteca Nacional de Agricultura
041 _a(Pt)
072 _aT01
100 1 _aRodrigues, N. de S.
245 1 _aUnidade hidroagricola [poluicao hidrica]
650 _aPOLUICAO AMBIENTAL
650 _aAGUA DOCE
773 0 _tCasa da Agricultura (Brazil)
_xISSN 0100-6541
_g(May-Jun 1985), v. 7(3) p. 6-12
_wBR8502855
909 _a202311
_bLúcia
_c55
_dLúcia Elande
942 _2AGRIS
_n0
_cANA
999 _c116821
_d116821